[Event "It (open)"]
[Site "masterchessopen.com Caorle (Italy)"]
[Round "0"]
[White "Cugini Verter (ITA)"]
[Black "Contin Daniel (ITA)"]
[Result "0-1"]
[WhiteElo "2053"]
[BlackElo "2385"]

1.e4 e6 2.d4 d5 3.Nd2 c5 4.exd5 exd5 5.Ngf3 a6 6.Qe2+ Be7 7.dxc5 Nf6 8.Nb3 O-O
9.Be3 Bd7 10.O-O-O a5 11.Kb1 a4 12.Nc1 a3 13.Bd4 axb2 14.Bxb2 Re8 15.c4 Bf5+
16.Ka1 Nc6 17.cxd5 Nb4 18.Nd4 Qxd5 19.Nxf5 Rxa2+ 20.Kb1 Qxf5+ 21.Nd3 Ne4
22.Qf3 Rxb2+ 23.Kxb2 Bf6+ 24.Kb3 Qd5+ 25.Kxb4 Bc3+ {#R} 0-1

[Event "It (open)"]
[Site "masterchessopen.com Nuoro (Italy)"]
[Round "0"]
[White "Borgo Giulio (ITA)"]
[Black "Legky Nikolay A (UKR)"]
[Result "0-1"]
[WhiteElo "2370"]
[BlackElo "2421"]

1.e4 e6 2.d4 d5 3.Nd2 a6 4.Ngf3 c5 5.exd5 exd5 6.dxc5 Bxc5 7.Nb3 Bb6 8.Bd3 Nf6
9.O-O O-O 10.h3 Nc6 11.c3 Ne4 12.Nbd4 Re8 13.Be3 Bc7 14.Qc2 Qd6 15.Rfe1 Nxd4
16.cxd4 Bf5 17.Rac1 Re7 18.Kf1 Rae8 19.Bd2 Qg6 20.Re3 Bf4 21.Ne5 Nxd2+ 22.Qxd2
Bxd3+ 23.Rxd3 Bxd2 {#R} 0-1

[Event "It (open)"]
[Site "masterchessopen.com Nuoro (Italy)"]
[Round "0"]
[White "Kosten Anthony C (FRA)"]
[Black "Legky Nikolay A (UKR)"]
[Result "1-0"]
[WhiteElo "2495"]
[BlackElo "2421"]

1.e4 e6 2.d4 d5 3.Nd2 a6 4.Ngf3 c5 5.exd5 exd5 6.Be2 c4 7.O-O Bd6 8.Re1 Ne7
9.b3 cxb3 10.axb3 Nbc6 11.Nf1 O-O 12.c3 Bf5 13.Ne3 Bg6 14.g3 Rc8 15.Nh4 Nb8
16.Nxg6 hxg6 17.Qd3 Nd7 18.Bf3 Nf6 19.Bd2 Bc7 20.c4 Qd7 21.Bb4 Bd6 22.c5 Nc6
23.Bc3 Bc7 24.b4 Rfe8 25.Nc2 Na7 26.Rxe8+ Rxe8 27.Re1 Rxe1+ 28.Bxe1 Nc8 29.Bd2
Qe6 30.Kg2 Ne4 31.Ne3 f5 32.h4 Ne7 33.Bc1 Kf7 34.b5 axb5 35.Qxb5 b6 36.Ba3
bxc5 37.Bxc5 Bd6 38.Bxd6 Qxd6 39.Qb7 Ke6 40.Bd1 Kf7 41.Nxd5 Nd2 42.Bf3 Kf8
43.Nxe7 Qxe7 44.Qb8+ {#r} 1-0

[Event "It (open)"]
[Site "masterchessopen.com Sala (Slovakia)"]
[Round "0"]
[White "Jurcisin Imrich (SVK)"]
[Black "Huba Martin Sr (SVK)"]
[Result "0-1"]
[WhiteElo "2041"]
[BlackElo "2175"]

1.e4 e6 2.d4 d5 3.Nd2 a6 4.Ngf3 c5 5.exd5 exd5 6.dxc5 Bxc5 7.Nb3 Ba7 8.Bd3 Nf6
9.O-O O-O 10.Bg5 Bg4 11.c3 Nbd7 12.Nbd4 Qc7 13.Qd2 Rae8 14.Bf4 Qb6 15.Be3 Bb8
16.Bf5 Qc7 17.g3 Ne4 18.Qc2 Bxf5 19.Nxf5 Ne5 20.N5h4 Qd7 21.Rad1 Nxf3+ 22.Nxf3
Qf5 23.Nh4 Qh5 24.Qd3 Rd8 25.c4 Nf6 26.Bd4 dxc4 27.Qxc4 Ba7 28.f3 Rxd4 29.Rxd4
Qe5 30.Rd1 Rd8 31.f4 Bxd4+ 32.Kg2 Qd5+ {#R} 0-1

[Event "It (open)"]
[Site "masterchessopen.com St. Ingbert (Germany)"]
[Round "9"]
[White "Neurohr Stephan (GER)"]
[Black "Goecke Karl Ulrich (GER)"]
[Result "1-0"]
[WhiteElo "2350"]
[BlackElo "2203"]

1.e4 e6 2.d4 d5 3.Nd2 a6 4.Ngf3 c5 5.exd5 exd5 6.dxc5 Bxc5 7.Nb3 Bb6 8.Be2 Nf6
9.O-O O-O 10.c3 Nc6 11.Nfd4 Qd6 12.Re1 Re8 13.Be3 Bc7 14.g3 Rxe3 15.fxe3 Ne4
16.Nxc6 bxc6 17.Bg4 Nxg3 18.Bxc8 Ne4 19.Re2 Rxc8 20.Rg2 Re8 21.Nd4 Qh6 22.Qf3
g6 23.Nf5 Qf8 24.Rf1 Kh8 25.Nd4 f5 26.Nxc6 Qh6 27.Nb4 Ng5 28.Qxd5 Bxh2+
29.Rxh2 {#r} 1-0

[Event "It (open)"]
[Site "masterchessopen.com Metz (France)"]
[Round "8"]
[White "Timoscenko Gennadij (SVK)"]
[Black "Legky Nikolay A (UKR)"]
[Result "1-0"]
[WhiteElo "2535"]
[BlackElo "2510"]

1.d4 e6 2.e4 d5 3.Nd2 a6 4.Ngf3 c5 5.exd5 exd5 6.Be2 cxd4 7.Nb3 Nf6 8.O-O Bd6
9.Bg5 Nc6 10.Nbxd4 O-O 11.c3 Bc7 12.Bh4 Bb6 13.Qb3 Na5 14.Qc2 Re8 15.Bd3 h6
16.Rfe1 Bd7 17.Bh7+ Kf8 18.Bf5 Bc6 19.Ne5 Nc4 20.Ndxc6 bxc6 21.Nd7+ Kg8
22.Rxe8+ Qxe8 23.Bxf6 Ba7 24.Bd4 Qe7 25.b3 Re8 26.Rf1 Na3 27.Qd2 c5 28.Nf6+
{#r} 1-0

[Event "It (open)"]
[Site "masterchessopen.com Moscow (Russia)"]
[Round "4"]
[White "Popov Alexander (RUS)"]
[Black "Tarasenko A (RUS)"]
[Result "0-1"]
[WhiteElo "2181"]
[BlackElo "2245"]

1.e4 e6 2.d4 d5 3.Nd2 a6 4.Ngf3 c5 5.exd5 exd5 6.Be2 Nf6 7.O-O cxd4 8.Nb3 Bd6
9.Nfxd4 h6 10.a4 O-O 11.h3 Nc6 12.Nxc6 bxc6 13.Be3 Re8 14.a5 Bb8 15.Nd4 Qd6
16.Nf3 c5 17.c3 Bb7 18.Re1 Ne4 19.Qc2 d4 20.cxd4 cxd4 21.Qa4 dxe3 22.Qxe8+ Kh7
23.fxe3 Ba7 24.Qxf7 Bxe3+ 25.Kh1 Ng3+ 26.Kh2 Nf1+ 27.Kh1 Qh2+ {#R} 0-1

[Event "It (open)"]
[Site "masterchessopen.com Poznan (Poland)"]
[Round "6"]
[White "Kryzius Kestutis (LTU)"]
[Black "Kolendo Mateusz (POL)"]
[Result "1-0"]
[WhiteElo "2221"]
[BlackElo "2174"]

1.e4 e6 2.d4 d5 3.Nd2 a6 4.Ngf3 c5 5.exd5 exd5 6.dxc5 Bxc5 7.Nb3 Bb6 8.Bd3 Nc6
9.O-O Bg4 10.Re1+ Nge7 11.c3 Qd7 12.h3 Bh5 13.Be3 Bxe3 14.Rxe3 O-O-O 15.Qd2
Bxf3 16.Rxf3 f6 17.Rd1 d4 18.cxd4 Nxd4 19.Nxd4 Qxd4 20.Bf5+ Nxf5 21.Qc1+ Kb8
22.Rxd4 Nxd4 23.Qf4+ Ka8 24.Re3 Rd7 25.Qg4 Rhd8 26.Kh2 Ka7 27.Re8 g6 28.Rxd8
Rxd8 29.Qh4 Rd7 30.Qxf6 Kb8 31.h4 Kc7 32.h5 gxh5 33.Qe5+ Rd6 34.Qe7+ Kc6
35.Qe8+ Kb6 36.Qxh5 h6 37.f4 Nc6 38.f5 Ne7 39.f6 Rxf6 40.Qe5 {#r} 1-0

[Event "It (open)"]
[Site "masterchessopen.com St. Ingbert (Germany)"]
[Round "2"]
[White "Baerwinkel Tobias (GER)"]
[Black "Mainka Gregor (GER)"]
[Result "0-1"]
[WhiteElo "2345"]
[BlackElo "2370"]

1.e4 e6 2.d4 d5 3.Nd2 a6 4.Ngf3 c5 5.exd5 exd5 6.Be2 c4 7.O-O Bd6 8.Re1 Ne7
9.a4 Nbc6 10.b3 cxb3 11.cxb3 O-O 12.Nf1 Bf5 13.Ng3 Bg6 14.Bg5 Bb4 15.Bd2 Qb6
16.Bxb4 Nxb4 17.Ne5 Rad8 18.Rc1 Nec6 19.Nxg6 hxg6 20.Rc5 Rfe8 21.Qd2 Nxd4
22.Qxd4 Nc2 23.Qb2 Nxe1 24.Rc1 d4 25.Bc4 d3 26.Qd2 Nc2 27.Qg5 Qf6 {#R} 0-1

[Event "It (open)"]
[Site "masterchessopen.com Villa Ballester (Argentina)"]
[Round "8"]
[White "Fulgenzi Ernesto (ARG)"]
[Black "Gonzalez Argentino J (ARG)"]
[Result "1-0"]
[WhiteElo "2295"]
[BlackElo "2074"]

1.e4 e6 2.d4 d5 3.Nd2 a6 4.Ngf3 c5 5.exd5 exd5 6.Be2 Nf6 7.O-O Be7 8.dxc5 Bxc5
9.Nb3 Bd6 10.Bg5 Be6 11.Nbd4 O-O 12.c4 Nbd7 13.Rc1 Qb6 14.Nxe6 fxe6 15.cxd5
exd5 16.Qb3 Qxb3 17.axb3 Nc5 18.Nd4 Nfe4 19.Be3 Rae8 20.g3 h6 21.Rfe1 Rf6
22.Rcd1 Rd8 23.Bf1 Be5 24.Bg2 Rff8 25.f3 Nf6 26.Nf5 Nxb3 27.Ne7+ Kf7 28.Bb6
Rd6 29.Bc7 Kxe7 30.f4 Re6 31.fxe5 Ne8 32.Bd6+ Nxd6 33.exd6+ {#r} 1-0

[Event "It (open)"]
[Site "masterchessopen.com Baunatal (Germany)"]
[Round "3"]
[White "Schildheuer Kai (GER)"]
[Black "Reh Philipp (GER)"]
[Result "0-1"]
[WhiteElo "1896"]
[BlackElo "2054"]

1.e4 e6 2.d4 d5 3.Nd2 a6 4.Ngf3 c5 5.exd5 exd5 6.dxc5 Bxc5 7.Nb3 Be7 8.Be2 Nf6
9.O-O O-O 10.Bg5 Nc6 11.c3 Be6 12.Nfd4 Ne4 13.Bxe7 Qxe7 14.Re1 Qf6 15.Bf3 Ng5
16.Bg4 Ne5 17.Bxe6 fxe6 18.f3 Rae8 19.Nc5 b6 20.Nxa6 Ng6 21.Nb4 Nh4 22.Kh1 Qh6
23.Nd3 Nxg2 24.Rg1 Nf4 25.Nxf4 Rxf4 26.Qd2 Ref8 27.Rxg5 Qxg5 28.Nxe6 Qh5
29.Nxf4 Qxf3+ 30.Ng2 Qf1+ {#R} 0-1

[Event "It (open)"]
[Site "masterchessopen.com Malaga (Spain)"]
[Round "3"]
[White "Korneev Oleg (RUS)"]
[Black "Garcia Martinez Silvino (CUB)"]
[Result "1-0"]
[WhiteElo "2615"]
[BlackElo "2445"]

1.e4 e6 2.d4 d5 3.Nd2 c5 4.exd5 exd5 5.Ngf3 a6 6.Be2 cxd4 7.O-O Nf6 8.Re1 Be7
9.Nxd4 O-O 10.N2b3 Nc6 11.Nxc6 bxc6 12.Be3 a5 13.a4 Ne4 14.f3 Nd6 15.Bc5 Nf5
16.Bxe7 Qxe7 17.Bd3 Qf6 18.Bxf5 Bxf5 19.Qd4 Qg6 20.Qc5 h5 21.Nxa5 Bh3 22.Re2
Rfe8 23.Rxe8+ Rxe8 24.Qf2 Bf5 25.c3 h4 26.Nb3 h3 27.Nc5 Bb1 28.g3 Qf5 29.a5
Bd3 30.a6 Re2 31.a7 Rxf2 32.Kxf2 Be4 33.a8=Q+ Kh7 34.f4 Bg2 35.Qa6 {#r} 1-0

[Event "It (open)"]
[Site "masterchessopen.com Bad Wiessee (Germany)"]
[Round "7"]
[White "Jaracz Pawel (POL)"]
[Black "Graf Alexander (GER)"]
[Result "0-1"]
[WhiteElo "2511"]
[BlackElo "2642"]

1.e4 e6 2.d4 d5 3.Nd2 a6 4.Ngf3 c5 5.exd5 exd5 6.c3 Nc6 7.Bd3 c4 8.Bc2 Bd6
9.Nf1 Nge7 10.Bg5 f6 11.Bh4 O-O 12.Ne3 Be6 13.Bg3 Bf7 14.Nh4 g6 15.O-O Qd7
16.Qd2 Rae8 17.Rae1 Nc8 18.Qd1 Be6 19.f4 Bf7 20.Qf3 N6e7 21.Ng4 Kg7 22.f5 Bxg3
23.Nxf6 Bxh2+ 24.Kh1 Qd6 25.Nxe8+ Bxe8 26.Qh3 Bg3 27.fxg6 Rxf1+ 28.Rxf1 hxg6
29.Rf3 Be1 30.g3 Bd2 31.Rf2 Be3 32.Rh2 Bd7 33.Nf5+ Bxf5 34.Qh8+ Kf7 35.Bxf5
gxf5 36.Rh7+ Ke6 {#R} 0-1

[Event "It (open)"]
[Site "masterchessopen.com Corsico (Italy)"]
[Round "1"]
[White "Castaldo Folco (ITA)"]
[Black "Aglietti Graziano (ITA)"]
[Result "0-1"]
[WhiteElo "2227"]
[BlackElo "2062"]

1.e4 e6 2.d4 a6 3.Nf3 d5 4.Nbd2 c5 5.exd5 exd5 6.dxc5 Bxc5 7.Nb3 Ba7 8.Bd3 Nf6
9.Qe2+ Be6 10.Nbd4 Qe7 11.O-O Nc6 12.Nxc6 bxc6 13.Bxa6 Ne4 14.Bd3 Bg4 15.h3 h5
16.Bxe4 dxe4 17.hxg4 hxg4 18.Ng5 f5 19.g3 Qd6 20.Qc4 Qxg3# 0-1

[Event "It (open)"]
[Site "masterchessopen.com Leipzig (Germany)"]
[Round "7"]
[White "Zesch Ludwig (GER)"]
[Black "Mamedova Rena (GER)"]
[Result "0-1"]
[WhiteElo "2208"]
[BlackElo "2353"]

1.e4 e6 2.d4 d5 3.Nd2 a6 4.Ngf3 c5 5.exd5 exd5 6.dxc5 Bxc5 7.Bd3 Nf6 8.h3 O-O
9.O-O Nc6 10.Nb3 Bb6 11.c3 Ne4 12.Nbd4 Re8 13.Be3 Bc7 14.Nxc6 bxc6 15.c4 Qd6
16.cxd5 cxd5 17.Rc1 Bf5 18.Qc2 Rec8 19.Qc6 {#R} 0-1

[Event "It (open)"]
[Site "masterchessopen.com Gelsenkirchen (Germany)"]
[Round "6"]
[White "Zesch Ludwig (GER)"]
[Black "Kern Guido (GER)"]
[Result "0-1"]
[WhiteElo "2320"]
[BlackElo "2334"]

1.e4 e6 2.d4 d5 3.Nd2 c5 4.exd5 exd5 5.Ngf3 a6 6.dxc5 Bxc5 7.Nb3 Bb6 8.Bd3
Qe7+ 9.Qe2 Bg4 10.O-O Qxe2 11.Bxe2 Nf6 12.Bg5 Ne4 13.Bh4 g5 14.Bg3 Nc6 15.Rfe1
Be6 16.Bd3 Nxg3 17.hxg3 h6 18.Bf5 Ke7 19.Rad1 Kf6 20.Bd3 h5 21.c3 h4 22.gxh4
g4 23.Nfd4 Rxh4 24.g3 Rh6 25.Nxc6 bxc6 26.Nd4 Bd7 27.Bf1 a5 28.Rd2 a4 29.Nc2
Rah8 30.Bg2 Bf5 31.Ne3 Be6 32.Rd3 Rb8 33.Rd2 Rh5 34.Red1 Bc5 35.Rb1 Re5 36.Re1
Re8 37.Nc2 Rxe1+ 38.Nxe1 Bf8 39.Kf1 Rb8 40.Nd3 Bh6 41.Rd1 Bf8 42.Rd2 Bf5
43.Nf4 Bb1 44.a3 Ba2 45.Ke2 Bc4+ 46.Kd1 Re8 47.Rd4 Re5 48.Rxc4 dxc4 49.Bxc6
Bc5 50.Bxa4 Bxf2 51.Ne2 Ke6 52.b4 Kd6 53.Bc2 Rd5+ 54.Kc1 Be3+ 55.Kb1 Rd2 {#R}
0-1

[Event "It (open)"]
[Site "masterchessopen.com Novosibirsk (Russia)"]
[Round "2"]
[White "Kozhevnikov Evgraf (RUS)"]
[Black "Popov Roman (RUS)"]
[Result "0-1"]
[WhiteElo "2079"]
[BlackElo "2387"]

1.e4 e6 2.d4 d5 3.Nd2 c5 4.exd5 exd5 5.Ngf3 a6 6.dxc5 Bxc5 7.Nb3 Be7 8.Bd3 Nf6
9.O-O O-O 10.Bg5 Nc6 11.c3 Re8 12.Re1 {#R} 0-1

[Event "It (open)"]
[Site "masterchessopen.com Polanica Zdroj (Poland)"]
[Round "4"]
[White "Grabarska Barbara (POL)"]
[Black "Pichugin Alexandr (UKR)"]
[Result "1-0"]
[WhiteElo "2240"]
[BlackElo "2416"]

1.e4 e6 2.d4 d5 3.Nd2 c5 4.exd5 exd5 5.Ngf3 a6 6.dxc5 Bxc5 7.Nb3 Ba7 8.Bg5 Ne7
9.Qd2 Nbc6 10.O-O-O O-O 11.Bd3 Qd6 12.h3 Nb4 13.Kb1 Nxd3 14.Qxd3 f6 15.Be3 Bf5
16.Qd2 Rfc8 17.Nfd4 Be4 18.f3 Bg6 19.Ka1 Nc6 20.Nxc6 bxc6 21.Bxa7 Rxa7 22.h4
Bf7 23.h5 c5 24.h6 g6 25.c3 a5 26.Nc1 a4 27.Rhe1 Rb7 28.Ne2 Rcb8 29.Rb1 g5
30.f4 Bg6 31.fxg5 Bxb1 32.Rxb1 d4 33.cxd4 cxd4 34.gxf6 Qxf6 35.a3 Rb6 36.g4 d3
37.Nc3 Qd4 38.Nxa4 Rg6 39.Nc3 Rxg4 40.Rd1 Rd8 41.Na2 Kh8 42.Qh2 Rh4 43.Qd2 Rf4
44.Nc1 Qf6 45.Qc3 {#r} 1-0

[Event "It (open)"]
[Site "masterchessopen.com Pamplona (Spain)"]
[Round "3"]
[White "Lakos Nikoletta (HUN)"]
[Black "Del Rio Angelis Salvador G (ESP)"]
[Result "0-1"]
[WhiteElo "2350"]
[BlackElo "2487"]

{ Lakos Nikoletta (HUN) +1 =0 -0 Del Rio Angelis Salvador G (ESP) +1 =3 -2 }
1.e4 e6 2.d4 d5 3.Nd2 c5 4.exd5 exd5 5.Ngf3 ( 5.Qe2+ Qe7 6.dxc5 Qxe2+ 7.Nxe2
Bxc5 8.Nb3 Bb6 9.Nc3 Nf6 10.Bb5+ Bd7 11.O-O O-O 12.Bxd7 Nbxd7 13.Bf4 Rac8
14.Rad1 Rc4 { ...1-0, Lakos Nikoletta(2280) - Szittar Antal(2200), Zalakaros
1996 It (open) } ) 5...a6 ( 5...Nf6 6.c3 Nc6 7.Bd3 c4 8.Bc2 Bd6 9.O-O O-O
10.Re1 Bg4 11.Nf1 Re8 12.Ne3 Bh5 13.b3 Ne4 14.bxc4 Nxc3 15.Qd3 { ...0-1,
Vazquez Gonzalez Jesus(2102) - Del Rio Angelis Salvador G(2489), Mirabal 2001
It (active) } ) 6.Be2 c4 7.b3 cxb3 ( 7...b5 8.a4 Bb7 9.axb5 axb5 10.Rxa8 Bxa8
11.O-O Bd6 12.Re1 Ne7 13.Ne5 f6 14.Ng4 O-O 15.Bf3 Na6 16.Nf1 Nc7 17.c3 {
...0-1, Wahls Matthias(2515) - Dreev Alexey(2570), Arnhem 1989 Ch Europe
(juniors) } ) 8.axb3 { ?/= } 8...Bb4 { +0,00 CAP } ( 8...Nc6 9.O-O Bb4 10.Bb5
Ne7 11.Ne5 Qb6 12.Bxc6+ Nxc6 13.Ndf3 O-O 14.Nxc6 Qxc6 15.Qd3 Qc3 16.Ba3 Qxd3
17.cxd3 Bxa3 18.Rxa3 { ...0-1, Yang Xian(2420) - Eingorn Vereslav S(2585),
Beijing 1991 It (open) } ) ( 8...Bd6 9.c4 Nc6 10.Nf1 Nge7 11.Ne3 O-O 12.O-O
Bf5 13.Nh4 Be4 14.f3 Bg6 15.Nxg6 hxg6 16.f4 Qc7 17.g3 dxc4 18.bxc4 { ...0-1,
Marinkovic Ivan(2445) - Gluzman Mikhail(2430), Belgrade 1991 It } ) 9.Ne5 { N
} ( 9.O-O Ne7 10.Ba3 Bxa3 11.Rxa3 Nbc6 12.c3 O-O 13.Re1 Ng6 14.g3 Qd6 15.Ra2
Be6 16.Nf1 Rac8 17.Ng5 Bd7 18.Ne3 Qf6 { ...0-1, Foldi Istvan(2365) - Atalik
Suat(2455), Budapest 1991 Memorial Elekes } ) 9...Nf6 10.O-O O-O 11.Ra4 Bd6
12.Bd3 Nc6 { } ( 12...Nfd7 { !? } 13.Ra2 Qc7 14.Ndf3 Nxe5 { } ) 13.Nxc6 bxc6
14.h3 Re8 15.Re1 Rxe1+ 16.Qxe1 Bd7 17.Nf3 Qc8 18.Qf1 a5 19.Bd2 Bc7 20.Ra2 { }
( 20.Ne5 { !? } 20...Be8 21.Qa1 Qd8 22.Bg5 { } ) 20...Ne4 21.Bxe4 dxe4 22.Ne5
Be6 { } ( 22...f6 { !? } 23.Nxd7 Qxd7 24.Qc4+ Qd5 { } ) 23.Nxc6 Qd7 24.Nxa5 {
} ( 24.Qb5 { !? } 24...Qd6 25.Bxa5 Qh2+ 26.Kf1 { } ) 24...h5 { } ( 24...Qd6 {
!? } 25.g3 e3 26.Be1 Qd5 { } ) 25.Qe2 Qd6 26.g3 Bxa5 27.Rxa5 Rxa5 28.Bxa5 Qxd4
29.Qd2 { } ( 29.Qxh5 { !? } 29...Qa1+ 30.Kh2 e3 31.Bb6 { } ) 29...Qa1+ 30.Qe1
Qa2 31.Qd2 Qb1+ 32.Qe1 { } ( 32.Kh2 { !? } 32...Qf1 33.g4 Qb5 34.b4 { } )
32...Qxc2 33.Bd2 { } ( 33.b4 { !? } 33...Bxh3 34.b5 h4 35.Qd2 { } ) 33...Bxh3
34.b4 Qd3 35.Kh2 Bg4 36.Be3 Kh7 37.Kg1 Bf3 38.Qf1 Be2 39.Qe1 Qb5 40.Qd2 Bf3
41.Qd4 Qe2 42.Qd2 Qc4 43.Qb2 { } ( 43.Bd4 { !? } 43...f6 44.Bc5 Kg6 45.Qe1 { }
) 43...Qe6 44.Kh2 h4 45.b5 { ? } ( 45.Qd4 { !? } 45...hxg3+ 46.fxg3 Qa2+
47.Bd2 { } ) 45...Qd5 46.Bd4 Qh5 47.Kg1 Qg4 48.Kf1 h3 { } {#R} 0-1

[Event "It (open)"]
[Site "masterchessopen.com Zurich (Switzerland)"]
[Round "3"]
[White "Kveinys Aloyzas (LTU)"]
[Black "Papa Severin (SUI)"]
[Result "1-0"]
[WhiteElo "2541"]
[BlackElo "2356"]

{ Kveinys Aloyzas (LTU) +0 =0 -1 } 1.e4 e6 2.d4 d5 3.Nd2 c5 4.Ngf3 a6 5.exd5
exd5 6.Be2 c4 7.b3 cxb3 ( 7...b5 8.a4 Bb7 9.axb5 axb5 10.Rxa8 Bxa8 11.O-O Bd6
12.Re1 Ne7 13.Ne5 f6 14.Ng4 O-O 15.Bf3 Na6 16.Nf1 Nc7 17.c3 { ...0-1, Wahls
Matthias(2515) - Dreev Alexey(2570), Arnhem 1989 Ch Europe (juniors) } )
8.axb3 { ?/= } 8...Nc6 { +0,33 CAP } 9.Nf1 { N } ( 9.O-O Bb4 ( 9...Bd6 10.Bb5
Ne7 11.Bxc6+ bxc6 12.Ba3 O-O 13.Qe2 Ng6 14.Rfe1 Bf5 15.Bxd6 Qxd6 16.c3 a5
17.Ne5 f6 18.Nxg6 hxg6 { ...0-1, Yandemirov Valeri(2502) - Kazakov
Peter(2424), Tomsk 2002 Cup Russia (open) } ) 10.Bb5 Ne7 11.Ne5 Qb6 12.Bxc6+
Nxc6 13.Ndf3 O-O 14.Nxc6 Qxc6 15.Qd3 Qc3 16.Ba3 Qxd3 17.cxd3 Bxa3 18.Rxa3 Bf5
{ ...0-1, Yang Xian(2420) - Eingorn Vereslav S(2585), Beijing 1991 It (open) }
) 9...Bd6 10.Ne3 Nge7 { +0,25 } ( 10...Nf6 { !? } 11.O-O O-O 12.c4 Re8 { +0,04
} ) 11.O-O O-O 12.c4 h6 13.Bb2 Be6 14.Qd2 Re8 { +0,31 } ( 14...Bb4 { !? }
15.Bc3 Bxc3 16.Qxc3 Nf5 { +0,16 } ) 15.Bd3 Qd7 16.Rfe1 Rad8 { +0,54 } (
16...Bb4 { !? } 17.Bc3 Bxc3 18.Qxc3 Ng6 { +0,40 } ) 17.c5 { +0,31 } ( 17.Bc3 {
!? } 17...Kf8 18.Re2 Bc7 19.Qc2 { +0,54 } ) 17...Bb8 { +0,50 } ( 17...Bf4 { !?
} 18.Qc3 Nf5 19.Nf1 f6 { +0,31 } ) 18.b4 Na7 { +0,62 } ( 18...Nf5 { !? }
19.Nc2 f6 20.b5 axb5 { +0,50 } ) 19.Re2 { +0,40 } ( 19.Ne5 { !? } 19...Qc7
20.g3 f6 21.Ng6 { +0,62 } ) 19...Nf5 { +0,58 } ( 19...Nb5 { !? } 20.Qc2 Ng6
21.g3 Ne7 { +0,40 } ) 20.Nf1 Ne7 21.Ne3 { +0,40 } ( 21.Ne5 { !? } 21...Bxe5
22.Rxe5 Bf5 23.Be2 { +0,50 } ) 21...Ng6 22.g3 Bg4 { ?! +0,80 } ( 22...Qe7 { !?
} 23.Ng4 Qf8 24.Nge5 Nxe5 { +0,46 } ) 23.Nxg4 Qxg4 24.Rae1 Rf8 25.Bxg6 fxg6 {
? +1,85 } ( 25...Qxg6 { ! } 26.Nh4 Qg4 27.Qd3 Nc6 { +0,80 } ) 26.Nh4 Nc6
27.Re6 g5 28.Ng6 Rf5 29.Qd3 Qf3 30.Re8+ Rxe8 31.Rxe8+ Kf7 32.Qxf3 { +2,50 }
{#r} 1-0

[Event "It (open)"]
[Site "masterchessopen.com Foxwoods (USA)"]
[Round "6"]
[White "Ivanov Alexander (USA)"]
[Black "Ibragimov Ildar (USA)"]
[Result "0-1"]
[WhiteElo "2582"]
[BlackElo "2585"]

{ Ivanov Alexander (USA) +2 =1 -1 } 1.e4 { 1 } 1...e6 2.d4 d5 3.Nd2 a6 4.Ngf3
c5 5.exd5 exd5 { ?/= } 6.Qe2+ ( 6.Be2 Nc6 7.O-O cxd4 8.Re1 Be7 9.Nb3 Nf6
10.Nfxd4 O-O 11.Bf4 Bd6 12.Bxd6 Qxd6 13.c3 Re8 14.Qc2 Bg4 15.Bxg4 Nxg4 16.Nf3
Nce5 17.Nbd4 Nxf3+ 18.Nxf3 Qc5 19.h3 Nf6 20.Qb3 b6 21.Rad1 Re4 22.Nd2 Rxe1+
23.Rxe1 a5 24.a3 h6 25.Nf3 Re8 { ...1-0, Ivanchuk Vassily 2719 - Korchnoi
Viktor 2620 , Lvov 2000 Memorial L.Stein (cat.17) } ) ( 6.dxc5 Bxc5 7.Nb3 Bb6
8.Qe2+ Qe7 9.Nfd4 Bg4 10.f3 Bd7 11.Bf4 Nc6 12.O-O-O Qxe2 13.Bxe2 Nge7 14.Nxc6
Bxc6 15.Bd3 O-O 16.Rhe1 Rfe8 17.Be3 Bc7 18.g3 Ng6 19.f4 Nf8 20.Bf5 Nd7 21.Bd4
a5 22.Bc3 a4 23.Nd4 Nc5 24.Bb4 Bd6 25.Nxc6 bxc6 { ...1-0, Adams Michael 2731 -
Gurevich Mikhail 2605 , Germany 2001 Bundesliga 2001/02 } ) ( 6.c4 Be6 7.Be2
Nc6 8.dxc5 Bxc5 9.O-O dxc4 10.Qc2 b5 11.Ne4 Qb6 12.b3 Nd4 13.Nxd4 Bxd4 14.Bb2
c3 15.Bxc3 Rc8 16.Qd3 Rd8 17.Bxd4 Qxd4 18.Qxd4 Rxd4 19.Nc5 Bc8 20.a4 bxa4
21.Rxa4 Rxa4 22.bxa4 Nf6 23.a5 Ke7 24.Ra1 Nd5 25.Nxa6 Kd6 { ...1-0, Korchnoi
Viktor 2670 - Giterman M, Tallinn 1948 Ch URS (1/2 final) } ) ( 6.c3 Nc6 7.Bd3
cxd4 8.Nxd4 Nxd4 9.cxd4 Bd6 10.O-O Ne7 11.Nf3 O-O 12.Re1 h6 13.h3 Bf5 14.Rxe7
Bxd3 15.Rxb7 Bb5 16.a4 Qc8 17.Rb6 Bc7 18.Rxh6 gxh6 19.axb5 Qe6 20.bxa6 Rxa6
21.Rxa6 Qxa6 22.Qd2 Ra8 23.b3 Qg6 24.Qc3 Bd6 25.Ne5 Bxe5 { ...1/2-1/2, Djuric
Stefan 2490 - Nikolic Predrag 2585 , Subotica 1984 Ch Yugoslavia } ) 6...Be6 {
N } ( 6...Be7 7.dxc5 ( 7.g3 Nf6 { } ) 7...Nf6 8.Nb3 ( 8.Qd3 O-O 9.Be2 Bxc5
10.Nb3 Ba7 11.Bg5 Re8 12.O-O Nc6 13.Rae1 h6 14.Bh4 g5 15.Bg3 Ne4 16.Nfd4 Qf6
17.c3 Nxd4 18.cxd4 Bf5 19.Qd1 Qc6 20.Bd3 Nxg3 21.fxg3 Bxd3 22.Qxd3 Re4 23.Rc1
Qd7 24.Rf6 Re6 25.Qf5 Rae8 26.Rf1 { ...1/2-1/2, Sarakauskas Gediminas 2391 -
Kekki Petri 2300 , Helsinki 2001 It (a) } ) 8...O-O 9.Be3 Re8 10.Qd3 a5 11.a4
b6 12.cxb6 Ba6 13.Qd1 Qxb6 14.Bxa6 Qxa6 15.Qe2 Ng4 16.Qxa6 Rxa6 17.O-O-O Rd8
18.Rhe1 f6 19.Bc5 Bxc5 20.Nxc5 Ra7 21.h3 { 1-0, Campora Daniel H 2526 - Del
Rio Angelis Salvador G 2467 , Elgoibar 2000 It } ) ( 6...Qe7 7.dxc5 Qxe2+
8.Bxe2 Bxc5 9.Nb3 Ba7 10.Bd2 Nc6 11.Bc3 Nge7 12.Bd4 Nxd4 13.Nfxd4 Bd7 14.O-O-O
O-O-O 15.Rhe1 Rhe8 16.Bf3 Bb6 17.Re2 Kc7 18.c3 g6 19.Rde1 Kd6 20.Rd2 Kc7 21.g3
Ng8 22.Rxe8 Bxe8 23.Nc2 Nf6 24.Nb4 Bc6 25.Nd4 a5 26.Nd3 { ...1/2-1/2, Maiorov
Oleg 2458 - Kiriakov Petr 2553 , Krasnodar 2002 Ch Russia } ) 7.dxc5 Bxc5
8.Nb3 Bb6 9.Nbd4 Qe7 10.Nxe6 fxe6 11.g3 Nf6 12.Bh3 Ne4 13.O-O Nc6 14.Be3 Bxe3
15.Qxe3 { ?! } ( 15.fxe3 { !? } 15...O-O 16.Nd4 Ng5 17.Bg2 { } ) 15...O-O
16.Rae1 Qf6 17.Nd2 Nd4 18.Nxe4 dxe4 19.Rd1 Nf3+ 20.Kh1 Rae8 21.c3 Qg6 22.Bg2
e5 { ?! } ( 22...Qh5 { !? } 23.h3 Qf5 24.Qb6 Rf6 { } ) 23.Rd7 Qg4 { ?! } (
23...b5 { !? } 24.Rfd1 Re6 25.Rd8 Rf6 { } ) 24.Rxb7 Rf5 25.Qc5 Kh8 26.Qc4 { ?!
} ( 26.Qc7 { !? } 26...Rff8 27.Qd6 Rd8 28.Qxa6 { } ) 26...Nd2 27.Qe6 Ref8
28.Ra1 { ? } ( 28.Qd6 { ! } 28...Nc4 29.Qc7 Nd2 30.Rb8 { } ) 28...h6 29.Qb6 {
?! } ( 29.Qd7 { !? } 29...e3 30.h3 Qg5 31.fxe3 { } ) 29...R5f6 { ?! } (
29...Rxf2 { !? } 30.Rb8 Rxb8 31.Qxf2 Rxb2 { } ) 30.Qb4 { ?! } ( 30.Qc5 { !? }
30...Rxf2 31.Qxe5 Nc4 32.Qc5 { } ) 30...Rxf2 31.Rb8 { ?! } ( 31.Re1 { !? }
31...Qh5 32.Rb8 Rxb8 33.Qxb8+ { } ) 31...Rxb8 32.Qxb8+ Kh7 { } {#R} 0-1